| 000 | 00428nam a22001817a 4500 | ||
|---|---|---|---|
| 003 | MPLRDC | ||
| 005 | 20220104182315.0 | ||
| 008 | 210129b ||||| |||| 00| 0 eng d | ||
| 020 | _a962-8277-65-0 | ||
| 082 | _a857.9 ZF v.4 | ||
| 100 | _a郑丰 | ||
| 245 |
_a多情浪子痴情侠(四) _c |
||
| 250 | _a初版 | ||
| 260 |
_a香港 _b中原社 _c2007 |
||
| 300 | _b330 | ||
| 650 | _a武侠小说 | ||
| 942 |
_cBK _o857.9 ZF v.4 |
||
| 999 |
_c61895 _d61885 |
||